书目信息 |
| 题名: |
电路理论机助分析方法
|
|
| 作者: | 周昌 著 ;沈志广 译 | |
| 分册: | ||
| 出版信息: | 北京 人民邮电出版社 1984 |
|
| 页数: | 597页 | |
| 开本: | 20cm | |
| 丛书名: | ||
| 单 册: | ||
| 中图分类: | TM13 | |
| 科图分类: | ||
| 主题词: | 电路理论 | |
| 电子资源: | ||
| ISBN: | ||
| 000 | 00625nam0 2200217 45 | |
| 001 | 0405240931 | |
| 005 | 20040524091129.5 | |
| 010 | @dCNY3.00 | |
| 091 | @a15045.总2811-有5339 | |
| 100 | @a20040524d1984 km y0chiy0120 ea | |
| 101 | 0 | @achi@ceng |
| 105 | @a z 000yy | |
| 200 | 1 | @a电路理论机助分析方法@ADian Lu Li Lun Ji Zhu Fen Xi Fang Fa@f(美)周昌著@F(Mei)Zhou Chang Zhu@g沈志广译 |
| 210 | @a北京@c人民邮电出版社@d1984 | |
| 215 | @a597页@d20cm | |
| 606 | 0 | @a电路理论 |
| 690 | @aTM13@v3 | |
| 701 | 0 | @a周昌@4著 |
| 702 | 0 | @a沈志广@AShen Zhi Guang@4译 |
| 801 | @aCN@bTSTCL@c20040524 | |
| 905 | @f1@b134018@dTM13@e103 | |
| 电路理论机助分析方法/(美)周昌著/沈志广译.-北京:人民邮电出版社,1984 |
| 597页;20cm |
| ISBN :CNY3.00 |
| ● |
| 相关链接 |
|
|
|
|
正题名:电路理论机助分析方法
索取号:TM13/103
 
预约/预借
| 序号 | 登录号 | 条形码 | 馆藏地/架位号 | 状态 | 备注 |
| 1 | 0134018 | 001343175 | 第三借阅区/ [索取号:TM13/103] | 在馆 | |
| 2 | 0134019 | 202107790 | 第二样本阅览室/ [索取号:TM13/103] | 在馆 |